Statistiken für Fragen von 2010 bis heute

Klicken Sie hier um das Quiz zu spielen!

Allgemein

  • Dieses Quiz wurde 978 mal gespielt
  • Das Durchschnittsergebnis liegt bei 12 aus 23

Antwortstatistiken

jahrHinweisAntwort% Korrekt
2010Bei einem tragischen Unfall verunglückte Samuel Koch in dieser Sendung.Wetten, dass?
89%
2014Deutschland wird dort Fußballweltmeister.Brasilien
87%
2023Am 6. Mai wurde er zum König von England in der Westminster Abbey gekrönt.Charles III.
84%
2017Die vierte Staffel der britischen Serie über einen Detektiv wurde Anfang des Jahres ausgestrahlt.Sherlock
76%
2022In einem Gerichtsverfahren gewinnt Johnny Depp gegen sie.Amber Heard
71%
2021Die letzten _____ werden in Brokdorf, Grohnde und Gundremmingen abgeschaltet.Atomkraftwerke
70%
2017_______ wird zum neuen Bundespräsidenten gewählt.Frank-Walter Steinmeier
70%
2016Für seine Rolle in “The Revenant” bekommt er seinen ersten Oscar.Leonardo DiCaprio
70%
2015Die Sängerin ____ feiert ihr Comeback mit einem Song, der eine Begrüßung beinhaltet.Adele
68%
2016Die erste Staffel einer Rekorde brechenden Serie, die in den 80er Jahren spielt, startet auf Netflix.Stranger Things
61%
2012________ springt aus 39 Kilometern Höhe zur Erde.Felix Baumgartner
54%
2015Die Redaktion eines _____-Magazins wird von 2 maskierten Männern in Paris gestürmt.Satire
54%
2020Sie gewinnt 5 Grammys und ist die jüngste Person, die “Album of the Year” gewinnt.Billie Eilish
51%
2013Eine Spionageaffäre wird durch _____ aufgedeckt.Edward Snowden
48%
2011Die Plagiatsaffäre dieses Politikers sorgte für einen große Skandal.Karl-Theodor zu Guttenberg
48%
2018Dieses Land gewann den ESC mit dem Song "Toy".Israel
44%
2018Aktivisten besetzen diesen deutschen Wald wochenlang.Hambacher Forst
41%
2022Bei den Oscars gibt Will Smith dieser Person eine Backpfeife auf der Bühne.Chris Rock
31%
2022Die TwitchCon findet dort statt.Amsterdam
26%
2012An welchem Datum sollte die Welt untergehen?21. Dezember
24%
2020_______ tritt als 30. Mitglied der NATO bei.Nordmazedonien
13%
2019Die Handlung eines Sci-Fi Klassikers spielt in diesem Jahr.Blade Runner
9%
2019Die Ukraine bekommt einen neuen Präsidenten. Wie heißt er?Volodymyr Oleksandrovyč Zelenskyj
8%

Verteilung der Resultate

Perzentil nach korrekt beantworteten Fragen

Anzahl Personen mit jedem Resultat

Ihre Resultats-Entwicklung

Sie haben dieses Quiz noch nicht gespielt